| 000 | 00452pab a2200169 454500 | ||
|---|---|---|---|
| 008 | 180718b2006 xxu||||| |||| 00| 0 eng d | ||
| 100 | _aPrasad, A.R. | ||
| 245 | _aEmpirical evidence of absolute income hypothesis for India: 1960-61 to 1999-2000 | ||
| 260 | _c2006 | ||
| 300 | _ap.38-59. | ||
| 362 | _aJan-Jun | ||
| 650 | _aIncome - India | ||
| 650 | _aIncome | ||
| 773 | _aJournal of Social and Economic Studies | ||
| 908 | _aN | ||
| 909 | _a73960 | ||
| 999 |
_c73960 _d73960 |
||